000 00330nam a2200121Ia 4500
005 20260328104326.0
008 260328s9999||||xx |||||||||||||| ||und||
100 _aMontañez, Darién
245 0 _aHacia una Arquitectura Panameña /
_cDarién Montañez
260 _bUniversidad de Panamá
650 _aARQUITECTURA
942 _cBK
999 _c11545
_d11545